000 00899 a2200241 4500
001 54037
005 20260407155810.0
008 260407a1977 arg spa d
003 AR-UNSa-BCEJYS
040 _aAR-UNSa-BCEJYS
_bspa
_cAR-UNSa-BCEJYS
080 _a330.101.541
_xMacroeconomía
245 1 0 _aMacroeconomía
020 _a968-25-0017-6
264 1 _aMéxico :
_bNueva Editorial Interamericana
_c1977
300 _aviii, 407 p.
_c25 cm.
505 _a1. Fundamentos de la teoría macroeconómica moderna - 2. Teoría macroeconómica keynesiana - 3. Teoría macroeconómica clásica y monetarista - 4. Problemas de política económica
041 _aspa
942 _cBK
590 _aniveau_biblio:m niveau_hierar:0
100 1 _aMakin, John H.
700 1 _aAgut Armer, Vicente
856 4 1 _uhttps://biblioeco.unsa.edu.ar/pmb/images/libros/L128618.jpg
_yImagen de portada
_qimage/jpeg
999 _c5321
_d5321